[Event "CIUDAD DE PAMPLONA - MAGISTRAL"]
[Site "Pamplona"]
[Date "2009.12.21"]
[Round "1.2"]
[White "Lopez Martinez, J."]
[Black "Alsina Leal, D."]
[Result "1/2-1/2"]
[WhiteElo "2589"]
[BlackElo "2523"]
[PlyCount "159"]
[EventDate "2009.12.21"]

1. e4 c5 2. Nf3 Nc6 3. d4 cxd4 4. Nxd4 Nf6 5. Nc3 e5 6. Ndb5 d6 7. Bg5 a6 8.
Na3 b5 9. Nd5 Be7 10. Bxf6 Bxf6 11. c4 b4 12. Nc2 O-O 13. Be2 a5 14. O-O Bg5
15. Qd3 Be6 16. Rad1 Bxd5 17. Qxd5 Qb6 18. Rd3 Rad8 19. g3 g6 20. Qb5 Qc7 21.
h4 Bh6 22. Rfd1 Bg7 23. c5 Nd4 24. Nxd4 exd4 25. c6 Rfe8 26. Bg4 Rxe4 27. Bd7
Re7 28. a3 Rb8 29. Qd5 Re5 30. Qa2 Rc5 31. Rb3 d5 32. axb4 axb4 33. Ra1 Qe5 34.
Qa7 Rc2 35. Rf3 Rf8 36. Rf1 Qe4 37. Rb3 d3 38. Qe3 Qxe3 39. fxe3 d2 40. Rxb4
Rxb2 41. c7 Rc2 42. Bg4 Be5 43. Rb5 h5 44. Bf3 Bxg3 45. Rxd5 Rxc7 46. Rxd2 Re8
47. Rg2 Bxh4 48. Bxh5 Re6 49. e4 Kg7 50. Bf3 Be7 51. Rd2 Bb4 52. Rb2 Bc5+ 53.
Kg2 Re5 54. Rc2 Rg5+ 55. Kh1 Ra7 56. Rg2 Re5 57. Rd2 Re8 58. Rfd1 Rh8+ 59. Rh2
Rb8 60. Rc2 Be3 61. Kg2 Bf4 62. Rf2 Ra5 63. Rd7 Rh8 64. e5 Rh2+ 65. Kg1 Ra1+
66. Rf1 Rxf1+ 67. Kxf1 Bxe5 68. Bd5 Rd2 69. Rxf7+ Kh6 70. Rd7 Bd4 71. Be4 Rf2+
72. Ke1 Bc5 73. Rc7 Rf4 74. Bd3 Bd6 75. Ra7 Rf6 76. Ke2 Kh5 77. Rh7+ Kg4 78.
Rh6 Re6+ 79. Kd1 Kg5 80. Rxg6+ 1/2-1/2

[Event "CIUDAD DE PAMPLONA - MAGISTRAL"]
[Site "Pamplona"]
[Date "2009.12.21"]
[Round "1.5"]
[White "Recuero Guerra, D."]
[Black "Mirzoev, A."]
[Result "1/2-1/2"]
[WhiteElo "2494"]
[BlackElo "2617"]
[PlyCount "63"]
[EventDate "2009.12.21"]

1. e4 e5 2. Nf3 Nc6 3. Bb5 a6 4. Bxc6 dxc6 5. O-O f6 6. d4 Bg4 7. c3 Bd6 8.
Nbd2 Nh6 9. Qb3 Rb8 10. h3 Bd7 11. Nh4 Nf7 12. Ndf3 Qc8 13. Qc2 O-O 14. Nf5
exd4 15. N3xd4 c5 16. Ne2 Re8 17. Nxd6 cxd6 18. Ng3 Bc6 19. Bf4 Qe6 20. Rfe1
Rbd8 21. c4 Ne5 22. b3 b5 23. Bxe5 Qxe5 24. Rac1 g6 25. Qd2 bxc4 26. bxc4 Qe7
27. Nf1 Kg7 28. f3 Rb8 29. Ne3 Rb7 30. Qa5 Qc7 31. Qxc7+ Rxc7 32. Rb1 1/2-1/2

[Event "CIUDAD DE PAMPLONA - MAGISTRAL"]
[Site "Pamplona"]
[Date "2009.12.22"]
[Round "2.1"]
[White "Huerga Leache, M."]
[Black "Mirzoev, A."]
[Result "0-1"]
[WhiteElo "2435"]
[BlackElo "2617"]
[PlyCount "84"]
[EventDate "2009.12.21"]

1. e4 e5 2. Nf3 Nc6 3. Bb5 d6 4. d4 Bd7 5. Nc3 Nf6 6. O-O Be7 7. Re1 exd4 8.
Nxd4 O-O 9. Bxc6 bxc6 10. Qd3 c5 11. Nf3 Bc6 12. e5 dxe5 13. Qxd8 Raxd8 14.
Nxe5 Bb7 15. Nc4 Rfe8 16. Bf4 Rd4 17. Na5 Rxf4 18. Nxb7 Rb4 19. Na5 Rxb2 20.
Re2 Bd6 21. Rae1 Kf8 22. Kf1 Rxe2 23. Rxe2 Ng4 24. h3 Ne5 25. f4 Nd7 26. g3 h5
27. Nc4 Rb4 28. Nxd6 cxd6 29. Rd2 Nf6 30. Rxd6 Rc4 31. Ne2 a5 32. c3 Ne4 33.
Rd3 Ra4 34. Re3 f5 35. g4 hxg4 36. hxg4 fxg4 37. Ke1 Kf7 38. Nd4 cxd4 39. Rxe4
Rxa2 40. Rxd4 a4 41. Kf1 Ke6 42. c4 Rc2 0-1

[Event "CIUDAD DE PAMPLONA - MAGISTRAL"]
[Site "Pamplona"]
[Date "2009.12.22"]
[Round "2.3"]
[White "Reinaldo Castiñeira, R."]
[Black "Laznicka, V."]
[Result "0-1"]
[WhiteElo "2488"]
[BlackElo "2637"]
[PlyCount "76"]
[EventDate "2009.12.21"]

1. e4 c5 2. Nf3 e6 3. d4 cxd4 4. Nxd4 a6 5. Bd3 Nf6 6. O-O d6 7. c4 Bd7 8. Nc3
Nc6 9. Nxc6 Bxc6 10. b4 b6 11. Be3 Be7 12. h3 O-O 13. Qb3 Nd7 14. Rfd1 Qb8 15.
Rac1 Rc8 16. Rd2 Ra7 17. Rdc2 h6 18. Na4 Rd8 19. Rb1 Bg5 20. f4 Be7 21. Rcc1
Rc7 22. Nc3 Bb7 23. a4 Qa8 24. Qa3 Rdc8 25. a5 bxa5 26. Qxa5 Bd8 27. Qa2 Bf6
28. c5 dxc5 29. e5 cxb4 30. exf6 Rxc3 31. f5 Rxd3 32. fxe6 Rxe3 33. exd7 Rd8
34. Rxb4 Rg3 35. Rc2 Rxd7 36. Qb2 Rd1+ 37. Kh2 Rxg2+ 38. Rxg2 Qb8+ 0-1

[Event "CIUDAD DE PAMPLONA - MAGISTRAL"]
[Site "Pamplona"]
[Date "2009.12.22"]
[Round "2.5"]
[White "Meier, G."]
[Black "Lopez Martinez, J."]
[Result "1/2-1/2"]
[WhiteElo "2653"]
[BlackElo "2589"]
[PlyCount "103"]
[EventDate "2009.12.21"]

1. Nf3 Nf6 2. c4 g6 3. Nc3 Bg7 4. e4 d6 5. d4 O-O 6. Be2 e5 7. O-O Nc6 8. d5
Ne7 9. Ne1 Nd7 10. Nd3 f5 11. f3 f4 12. Bd2 g5 13. Rc1 Rf7 14. c5 Nf6 15. Nb5
Ng6 16. Ba5 b6 17. cxd6 cxd6 18. Be1 a6 19. Nc3 a5 20. Nf2 Bf8 21. Nb5 h5 22.
Rc6 Rg7 23. a4 Bd7 24. Kh1 Nh8 25. Rc3 g4 26. Rg1 g3 27. Nh3 Rc8 28. Qc2 gxh2
29. Kxh2 Ng4+ 30. fxg4 Rxc3 31. Qxc3 hxg4 32. g3 gxh3 33. Nc7 Nf7 34. Ne6 Bxe6
35. dxe6 Ng5 36. gxf4 exf4 37. Qc4 Kh7 38. Bc3 Rg6 39. Bg4 Bg7 40. Qf1 Bxc3 41.
bxc3 Kg8 42. Qxf4 Rg7 43. Rd1 Qf8 44. Qf5 Nxe4 45. Qxe4 Qf2+ 46. Kh1 Qg2+ 47.
Qxg2 hxg2+ 48. Kxg2 Rxg4+ 49. Kf3 Rxa4 50. Rxd6 Kf8 51. Ke3 b5 52. Rb6 1/2-1/2

[Event "CIUDAD DE PAMPLONA - MAGISTRAL"]
[Site "Pamplona"]
[Date "2009.12.23"]
[Round "3.3"]
[White "Laznicka, V."]
[Black "Alsina Leal, D."]
[Result "1/2-1/2"]
[WhiteElo "2637"]
[BlackElo "2523"]
[PlyCount "94"]
[EventDate "2009.12.21"]

1. Nf3 d5 2. d4 Nf6 3. c4 c6 4. Qb3 dxc4 5. Qxc4 Bf5 6. g3 e6 7. Bg2 Nbd7 8.
O-O Be7 9. e3 O-O 10. Rd1 Rc8 11. Qe2 Bg6 12. Nc3 b5 13. a3 a5 14. Bd2 Qb6 15.
Be1 h6 16. b3 b4 17. axb4 axb4 18. Na4 Qb5 19. Qb2 c5 20. dxc5 Nxc5 21. Nd4
Nxa4 22. bxa4 Qe5 23. a5 Be4 24. Qe2 Bxg2 25. Kxg2 Nd5 26. a6 Nc3 27. Bxc3 bxc3
28. a7 Ra8 29. Nc6 Qc5 30. Nxe7+ Qxe7 31. Rdc1 Rfc8 32. Qd3 Qc5 33. Rc2 Rxa7
34. Rxa7 Qxa7 35. Rxc3 Qa8+ 36. f3 Qa2+ 37. Kh3 Rxc3 38. Qxc3 Qe2 39. e4 Qf1+
40. Kg4 Qg2 41. h4 h5+ 42. Kf4 Kh7 43. e5 Kh6 44. Qe3 Qc2 45. Qe4 Qc1+ 46. Qe3
Qc4+ 47. Qe4 Qc1+ 1/2-1/2

[Event "CIUDAD DE PAMPLONA - MAGISTRAL"]
[Site "Pamplona"]
[Date "2009.12.24"]
[Round "4.2"]
[White "Reinaldo Castiñeira, R."]
[Black "Mirzoev, A."]
[Result "1/2-1/2"]
[WhiteElo "2488"]
[BlackElo "2617"]
[PlyCount "148"]
[EventDate "2009.12.21"]

1. e4 Nf6 2. e5 Nd5 3. d4 d6 4. Nf3 dxe5 5. Nxe5 c6 6. Be2 Nd7 7. Nf3 N7f6 8.
O-O Bf5 9. Re1 e6 10. c3 h6 11. Bf1 Be7 12. Nbd2 O-O 13. Nc4 Bh7 14. Nce5 c5
15. Bd3 Bxd3 16. Qxd3 Qc7 17. dxc5 Bxc5 18. Nd4 Rad8 19. Qg3 Bxd4 20. cxd4 Kh8
21. Qh4 Qc2 22. Bg5 Kg8 23. Bxf6 Nxf6 24. b3 Rc8 25. h3 Rfd8 26. Qf4 Qb2 27.
Red1 Rc2 28. Nc4 Qc3 29. Qc7 Rd7 30. Qb8+ Kh7 31. Ne3 Rd2 32. Qxa7 Ne4 33. Rac1
Qb2 34. Rxd2 Qxd2 35. Rf1 Nc3 36. a4 Ne2+ 37. Kh1 Nxd4 38. Qb6 f5 39. Kg1 f4
40. Nc4 Qe2 41. Nd6 Qd3 42. Nb5 Ne2+ 43. Kh2 f3 44. Qe3 fxg2 45. Kxg2 e5 46.
Re1 Nf4+ 47. Kh2 Rf7 48. Qxd3+ Nxd3 49. Re3 Rxf2+ 50. Kg3 Rd2 51. Nd6 Nc5 52.
Nc4 Rd4 53. Nxe5 Rb4 54. Nf7 Nxb3 55. Nd6 Nc5 56. Re7 Kg6 57. a5 Rb3+ 58. Kg2
Ra3 59. Nxb7 Kf6 60. Rc7 Ne6 61. Rc6 Ke5 62. h4 g5 63. hxg5 hxg5 64. Rc8 Nf4+
65. Kf2 Nd3+ 66. Kg2 Kf4 67. Rc4+ Ke3 68. Nc5 Nf4+ 69. Kg3 Rxa5 70. Re4+ Kd2
71. Nb3+ Kd3 72. Rd4+ Kc3 73. Nxa5 Kxd4 74. Kg4 Nh3 1/2-1/2

[Event "CIUDAD DE PAMPLONA - MAGISTRAL"]
[Site "Pamplona"]
[Date "2009.12.24"]
[Round "4.3"]
[White "Alsina Leal, D."]
[Black "Recuero Guerra, D."]
[Result "1/2-1/2"]
[WhiteElo "2523"]
[BlackElo "2494"]
[PlyCount "42"]
[EventDate "2009.12.21"]

1. e4 c5 2. Nf3 e6 3. d4 cxd4 4. Nxd4 Nf6 5. Nc3 Nc6 6. Ndb5 Bb4 7. a3 Bxc3+ 8.
Nxc3 d5 9. exd5 exd5 10. Bd3 O-O 11. O-O d4 12. Ne2 Re8 13. Bg5 Re5 14. Bf4 Rd5
15. Re1 Bf5 16. Ng3 Bxd3 17. Qxd3 Qd7 18. h3 Re8 19. Rxe8+ Qxe8 20. Kf1 Qd7 21.
Re1 h6 1/2-1/2

[Event "CIUDAD DE PAMPLONA - MAGISTRAL"]
[Site "Pamplona"]
[Date "2009.12.24"]
[Round "4.4"]
[White "Meier, G."]
[Black "Laznicka, V."]
[Result "1/2-1/2"]
[WhiteElo "2653"]
[BlackElo "2637"]
[PlyCount "89"]
[EventDate "2009.12.21"]

1. d4 d5 2. c4 dxc4 3. Nf3 Nf6 4. e3 e6 5. Bxc4 a6 6. O-O c5 7. dxc5 Bxc5 8.
Qxd8+ Kxd8 9. Ne5 Ke7 10. Be2 Bd7 11. Bf3 Nc6 12. Bxc6 Bxc6 13. Nxc6+ bxc6 14.
Nc3 Rab8 15. Rb1 Bb4 16. Na4 c5 17. b3 Rhc8 18. Nb2 Ba3 19. Nc4 Bxc1 20. Rfxc1
Nd5 21. Kf1 Nb4 22. a3 Nc6 23. Ke2 Rb5 24. Nd2 Ne5 25. Rc3 Nd7 26. Rbc1 Rcb8
27. g4 h6 28. h3 g5 29. h4 R5b7 30. hxg5 hxg5 31. Rh1 Rb5 32. Rh5 Rg8 33. Ne4
Nf6 34. Nxf6 Kxf6 35. Kf3 Rgb8 36. a4 Ra5 37. Rh6+ Kg7 38. Rh1 c4 39. Rxc4 Rxb3
40. Rd1 Rb7 41. Rd6 Kf8 42. Rdc6 Rd7 43. R6c5 Rd5 44. Rc7 Ke8 45. Ra7 1/2-1/2

[Event "CIUDAD DE PAMPLONA - MAGISTRAL"]
[Site "Pamplona"]
[Date "2009.12.25"]
[Round "5.2"]
[White "Laznicka, V."]
[Black "Lopez Martinez, J."]
[Result "1-0"]
[WhiteElo "2637"]
[BlackElo "2589"]
[PlyCount "111"]
[EventDate "2009.12.21"]

1. e4 e5 2. Nf3 Nc6 3. Bc4 Nf6 4. Ng5 d5 5. exd5 Na5 6. Bb5+ c6 7. dxc6 bxc6 8.
Bd3 h6 9. Ne4 Nd5 10. Ng3 g6 11. O-O Bg7 12. Re1 O-O 13. Bf1 Qc7 14. a3 Rd8 15.
b4 Nb7 16. Bb2 a5 17. c4 Nf4 18. Qb3 Be6 19. d3 Rd7 20. Nd2 Rad8 21. Re3 f6 22.
Qc2 Bf7 23. Nb3 Ne6 24. Rae1 axb4 25. axb4 Qb6 26. Bc3 h5 27. h4 Ra8 28. Ne4
Nd4 29. Qb2 Nf5 30. Rf3 Qd8 31. g3 Nh6 32. Ra1 Rxa1 33. Qxa1 Ng4 34. Qa6 Qc7
35. Bh3 f5 36. Ng5 Rd8 37. Nxf7 Kxf7 38. c5 Kg8 39. b5 e4 40. dxe4 fxe4 41. b6
Rd1+ 42. Bf1 Qe7 43. Qc4+ Rd5 44. Rf4 e3 45. f3 Bxc3 46. fxg4 Be5 47. Re4 Qf6
48. Rxe3 Kg7 49. Kg2 hxg4 50. Qxg4 Nxc5 51. Nxc5 Rxc5 52. Bc4 Bd4 53. Rf3 Qe5
54. Bd3 Qd6 55. b7 g5 56. b8=Q 1-0

[Event "CIUDAD DE PAMPLONA - MAGISTRAL"]
[Site "Pamplona"]
[Date "2009.12.25"]
[Round "5.3"]
[White "Recuero Guerra, D."]
[Black "Meier, G."]
[Result "1/2-1/2"]
[WhiteElo "2494"]
[BlackElo "2653"]
[PlyCount "43"]
[EventDate "2009.12.21"]

1. e4 c6 2. d4 d5 3. Nd2 dxe4 4. Nxe4 Nd7 5. Ng5 Ngf6 6. Bd3 e6 7. N1f3 h6 8.
Ne4 Nxe4 9. Bxe4 c5 10. O-O Nf6 11. Qe2 cxd4 12. Rd1 Qb6 13. Nxd4 Bc5 14. c3
O-O 15. Bc2 Re8 16. h3 e5 17. Nb3 Bf8 18. Be3 Qc7 19. Qf3 e4 20. Qf4 Qxf4 21.
Bxf4 g5 22. Be3 1/2-1/2

[Event "CIUDAD DE PAMPLONA - MAGISTRAL"]
[Site "Pamplona"]
[Date "2009.12.25"]
[Round "5.4"]
[White "Mirzoev, A."]
[Black "Alsina Leal, D."]
[Result "1-0"]
[WhiteElo "2617"]
[BlackElo "2523"]
[PlyCount "75"]
[EventDate "2009.12.21"]

1. c4 Nf6 2. Nc3 d5 3. cxd5 Nxd5 4. Nf3 g6 5. Qb3 Nb6 6. d4 Bg7 7. Bf4 O-O 8.
e3 a5 9. Be2 a4 10. Qc2 Nc6 11. O-O Bf5 12. Qd1 Bg4 13. Rc1 Bxf3 14. Bxf3 e5
15. dxe5 Nxe5 16. Bxb7 Ra5 17. Be4 Nbc4 18. Qe2 Nd6 19. Rfd1 Qb8 20. Bd5 Rd8
21. a3 Qa7 22. Ba2 Rb8 23. Rc2 Rc5 24. Rd5 Rxd5 25. Nxd5 c6 26. Nb4 c5 27. Bxe5
cxb4 28. Bxd6 b3 29. Bxb8 bxc2 30. Bxa7 c1=Q+ 31. Qf1 Qxb2 32. Qb1 Qxa3 33. g3
Qc3 34. Qd1 Qa3 35. Qd8+ Bf8 36. Qd5 Qc1+ 37. Kg2 Qc7 38. Bb6 1-0

[Event "CIUDAD DE PAMPLONA - MAGISTRAL"]
[Site "Pamplona"]
[Date "2009.12.26"]
[Round "6.1"]
[White "Huerga Leache, M."]
[Black "Reinaldo Castiñeira, R."]
[Result "0-1"]
[WhiteElo "2435"]
[BlackElo "2488"]
[PlyCount "118"]
[EventDate "2009.12.21"]

1. e4 Nf6 2. e5 Nd5 3. d4 d6 4. c4 Nb6 5. exd6 exd6 6. Bd3 Be7 7. Ne2 Nc6 8.
Nbc3 O-O 9. b3 Bf6 10. Be3 Re8 11. O-O Bg4 12. Qd2 d5 13. c5 Nc8 14. h3 Bxe2
15. Bxe2 N8e7 16. g4 g6 17. Bf3 Qd7 18. Ne2 Bg7 19. Nf4 Kh8 20. Kg2 f5 21. g5
Nd8 22. Rae1 Ne6 23. Nxe6 Qxe6 24. b4 Qd7 25. Bd1 a6 26. h4 Nc6 27. h5 Kg8 28.
Rh1 Re7 29. hxg6 hxg6 30. Rh4 Re4 31. Reh1 Rxh4 32. Rxh4 Re8 33. Bf3 Nd8 34.
Rh1 Ne6 35. Bd1 Kf7 36. Rh7 Rh8 37. Rxh8 Bxh8 38. a4 Bg7 39. Bf3 c6 40. b5 axb5
41. axb5 Qc7 42. b6 Qb8 43. Qa2 f4 44. Bxd5 cxd5 45. Qxd5 Qc8 46. Bxf4 Bxd4 47.
Bd6 Qd7 48. Qf3+ Kg8 49. Qe4 Qf7 50. f4 Bxc5 51. Bxc5 Nxc5 52. Qe5 Ne6 53. Kg3
Ng7 54. Qb8+ Kh7 55. Qc7 Nf5+ 56. Kf3 Qxc7 57. bxc7 Nd6 58. f5 gxf5 59. Kf4 Kg6
0-1

[Event "CIUDAD DE PAMPLONA - MAGISTRAL"]
[Site "Pamplona"]
[Date "2009.12.26"]
[Round "6.3"]
[White "Meier, G."]
[Black "Mirzoev, A."]
[Result "1-0"]
[WhiteElo "2653"]
[BlackElo "2617"]
[PlyCount "103"]
[EventDate "2009.12.21"]

1. d4 d5 2. c4 dxc4 3. Nf3 Nf6 4. e3 e6 5. Bxc4 c5 6. O-O a6 7. dxc5 Qxd1 8.
Rxd1 Bxc5 9. Be2 Nbd7 10. Nbd2 b6 11. Nc4 Bb7 12. Nd4 O-O 13. Nb3 Be7 14. f3
Bd5 15. e4 Bxc4 16. Bxc4 Rfc8 17. Be2 Nc5 18. Be3 Na4 19. Rd2 Kf8 20. Rc1 Rxc1+
21. Nxc1 Bc5 22. Kf2 Ke7 23. Nd3 Bxe3+ 24. Kxe3 Nd7 25. Nb4 Nac5 26. f4 Nb8 27.
e5 Ra7 28. Rd6 Ncd7 29. a3 g6 30. g4 Kd8 31. h4 a5 32. Nc6+ Nxc6 33. Rxc6 Rc7
34. Rd6 Rc5 35. b4 axb4 36. axb4 Rc3+ 37. Kd2 Rc7 38. Bb5 Ke7 39. g5 Kd8 40.
Ke3 Kc8 41. Kd4 Ra7 42. Kc4 Nb8 43. Rxb6 Ra3 44. Rd6 Kc7 45. Rd4 Rh3 46. Be8
Nc6 47. Rd7+ Kc8 48. Rxf7 Nd8 49. Rxh7 Rf3 50. Bxg6 Rxf4+ 51. Kc5 Nb7+ 52. Kb5
1-0

[Event "CIUDAD DE PAMPLONA - MAGISTRAL"]
[Site "Pamplona"]
[Date "2009.12.26"]
[Round "6.5"]
[White "Georgiev, K."]
[Black "Laznicka, V."]
[Result "1/2-1/2"]
[WhiteElo "2672"]
[BlackElo "2637"]
[PlyCount "46"]
[EventDate "2009.12.21"]

1. d4 d5 2. c4 dxc4 3. e3 Nf6 4. Bxc4 e6 5. Nf3 c5 6. O-O a6 7. dxc5 Bxc5 8.
Qxd8+ Kxd8 9. Ne5 Ke7 10. Be2 Nbd7 11. Nc4 a5 12. Nc3 b6 13. Na4 Ba6 14. Nxc5
bxc5 15. b3 a4 16. bxa4 Rhb8 17. Bd2 Ne4 18. Be1 Nd6 19. Rc1 Bxc4 20. Bxc4 Rxa4
21. Bb3 Ra6 22. f3 c4 23. Bxc4 Nxc4 1/2-1/2